Vista normal
Vista MARC
Entrada Personal Name
Número de registros utilizados en: 1
001 - CONTROL NUMBER
- control field: 9913
003 - CONTROL NUMBER IDENTIFIER
- control field: DLC
005 - DATE AND TIME OF LATEST TRANSACTION
- control field: 20210225115358.0
008 - FIXED-LENGTH DATA ELEMENTS
- fixed length control field: 960129n| acannaabn |a aaa
010 ## - LIBRARY OF CONGRESS CONTROL NUMBER
- LC control number: n 96007610
035 ## - SYSTEM CONTROL NUMBER
- System control number: (OCoLC)oca03997387
040 ## - CATALOGING SOURCE
- Original cataloging agency: DLC
- Language of cataloging: spa
- Transcribing agency: Mx-PuUPA
- Modifying agency: DLC
- Modifying agency: OCoLC
- Modifying agency: Mx-PuUPA
046 ## - SPECIAL CODED DATES
- Birth date: 1965-
100 1# - HEADING--PERSONAL NAME
- Personal name: Ferrás Sexto, Carlos,
- Dates associated with a name: 1965-
370 ## - ASSOCIATED PLACE
- Place of birth: Santiago de Compostela, España
373 ## - ASSOCIATED GROUP
- Associated group: Departamento de Geografía de la Universidad de Santiago de Compostela
- Associated group: Centro de Estudios Euro-Regionales Galicia
374 ## - OCCUPATION
- Occupation: Autor
- Occupation: Geógrafo
- Occupation: Académico
- Occupation: Profesor
375 ## - GENDER
- Gender: hombre
377 ## - ASSOCIATED LANGUAGE
- Language code: spa
400 1# - SEE FROM TRACING--PERSONAL NAME
- Personal name: Sexto, Carlos Ferrás
- Dates associated with a name: 1965-
670 ## - SOURCE DATA FOUND
- Source citation: Desenvolvemento urbanístico e económico en Fene ..., 1993:
- Information found: t.p. (Carlos Ferrás Sexto)
670 ## - SOURCE DATA FOUND
- Source citation: His La contraurbanización, 1998:
- Information found: t.p. (Carlos Ferrás Sexto) flap (b. Santiago de Compostela, 1965; profesor de geografía humana, Univ. de Santiago de Compostela; collaborates with Univ. de Guadalajara (Mexico) and University College Cork (Ireland))
670 ## - SOURCE DATA FOUND
- Source citation: Santiago Apóstol en México : culto y significado en el reino de la Nueva Galicia, 1998:
- Information found: portada ( Carlos Ferrás Sexto)
670 ## - SOURCE DATA FOUND
- Source citation: Biblioteca del congreso (Estados Unidos), 05 septiembre 2019:
- Information found: Catálogo electrónico
- Uniform Resource Identifier: http://bit.ly/2lzMXK8